UITU Library & LRC     

Automated Payroll System (Record no. 31746)

MARC details
000 -LEADER
fixed length control field 00463nam a2200133Ia 4500
008 - FIXED-LENGTH DATA ELEMENTS--GENERAL INFORMATION
fixed length control field 260210s9999 xx 000 0 und d
024 ## - OTHER STANDARD IDENTIFIER
Standard number or code 00B-BCS5-009, 00B-BCS-42, 00B-BCS5-36 & 00b-BCS5-37
082 ## - DEWEY DECIMAL CLASSIFICATION NUMBER
Classification number 005.3658321072 MAH
100 ## - MAIN ENTRY--PERSONAL NAME
Personal name Mahreen Malik, Ghazala Maqsood, Nausheen Anwar & Samrana Raza
245 #0 - TITLE STATEMENT
Title Automated Payroll System
260 ## - PUBLICATION, DISTRIBUTION, ETC.
Place of publication, distribution, etc. Karachi:
Name of publisher, distributor, etc. UITU,
Date of publication, distribution, etc. 2000
600 ## - SUBJECT ADDED ENTRY--PERSONAL NAME
Personal name Computer Science
650 ## - SUBJECT ADDED ENTRY--TOPICAL TERM
Topical term or geographic name entry element Bachelor of Computer Science (BS)

No items available.

Powered by Koha